| 000 | 00924pam a2200289 a 4500 | ||
|---|---|---|---|
| 001 | 4817703 | ||
| 003 | OSt | ||
| 005 | 20140310182127.0 | ||
| 008 | 890922s1990 nyuab 001 0 eng | ||
| 010 | _a 89023142 | ||
| 020 |
_a9780139218187 _c$39.95 |
||
| 040 |
_aDLC _cDLC _dDLC |
||
| 043 | _an-us--- | ||
| 050 | 0 | 0 |
_aE 468 _b.B76 1990 |
| 082 | 0 | 0 |
_aHS 973.7 _b B 1990 |
| 245 | 0 | 0 |
_aBrother against brother : _bTime-Life Books history of the Civil War. |
| 250 | _a1st ed. | ||
| 260 |
_aNew York : _bPrentice Hall Press, _cc1990. |
||
| 300 |
_a431 p. : _bill. (some col.), maps ; _c28 cm. |
||
| 650 |
_a1. United States _xHistory--Civil War, 1861-1865 _914425 |
||
| 650 |
_aUnited States _xHistory _zCivil War, 1861-1865- _zPictorial works _914426 |
||
| 710 | 2 |
_aTime-Life Books. _99809 |
|
| 906 |
_a7 _bcbc _corignew _d1 _eocip _f19 _gy-gencatlg |
||
| 942 | _2lcc | ||
| 999 |
_c9629 _d9629 |
||